000 00543nam a22002057a 4500
003 OSt
005 20140310182314.0
008 130920t xxu||||| |||| 00| 0 eng d
020 _a0333050509
050 _aPZ 8.1
_b.D639 1955
082 _aGS 398.22
_bD661 1955
100 _aDodd, E.F.
_920995
245 _aStories from Homer /
_cTold by E.F. Dodd.
260 _aLondon :
_bMacmillan Education Ltd,
_cc1955.
300 _a96 p. :
_c18 cm.
650 _aFolklore.
_96494
942 _2lcc
_cBK-GS
999 _c11724
_d11724